| 000 | 01220cam a2200241 4500 | ||
|---|---|---|---|
| 001 | WB4024-15 | ||
| 008 | 040622n2004 000 0 eng u | ||
| 035 | _a(Sirsi) u126551 | ||
| 245 | _aState of the countryside 2004 | ||
| 260 | _c2004 | ||
| 490 |
_aDEFRA News Release _v(233/04) 21 June 2004 (2) |
||
| 520 | _aThe government has welcomed a Countryside Agency Report, 'The state of the countryside 2004 - the challenge of rural movers". Issues highlighted in the report include the effect of increased house prices on local residents which are making fewer homes affordable. Positive aspects include the fact that many rural areas are economically successful and people living there tend to live longer and have better health than urban dwellers. For the DEFRA news release: http://www.defra.gov.uk/news/2004/040621a.htm For the Countryside Agency report: http://www.countryside.gov.uk/EvidenceAndAnalysis/ state_of_the_countryside_reports/nationalsocr.asp | ||
| 590 | _aWB | ||
| 590 | _aWB | ||
| 650 | _aCOUNTRYSIDE AGENCY | ||
| 650 | _aCOUNTRYSIDE | ||
| 650 | _aRURAL AREAS | ||
| 650 | _aMIGRATION | ||
| 650 | _aRURAL HOUSING | ||
| 650 | _aPOPULATION GROWTH | ||
| 690 |
_aRURAL _96268 |
||
| 942 | _n0 | ||
| 999 |
_c117568 _d117568 |
||